¿Hay un mundo por venir? Ensayos sobre los miedos y los fines.
Salvato in:
| Autore principale: | |
|---|---|
| Altri autori: | , |
| Natura: | Libro |
| Lingua: | inglese |
| Pubblicazione: |
Ciudad Autónoma de Buenos Aires, Argentina
Caja Negra
2019
|
| Edizione: | 1a.ed. |
| Soggetti: | |
| Tags: |
Aggiungi Tag
Nessun Tag, puoi essere il primo ad aggiungerne!!
|
MARC
| LEADER | 00000nam a22000007a 4500 | ||
|---|---|---|---|
| 003 | CL-VaPUC | ||
| 005 | 20250108094721.0 | ||
| 008 | 210304b ||||| |||| 00| 0 eng d | ||
| 999 | |c 432612 |d 432610 | ||
| 020 | |a 9789871622733 | ||
| 040 | |c Pontificia Universidad Católica de Valparaíso | ||
| 082 | |a 301.01 DAN 2019 | ||
| 100 | 1 | |a Danowski, Déborah |9 859822 |d autora | |
| 245 | |a ¿Hay un mundo por venir? |b Ensayos sobre los miedos y los fines. | ||
| 250 | |a 1a.ed. | ||
| 260 | |a Ciudad Autónoma de Buenos Aires, Argentina |b Caja Negra |c 2019 | ||
| 300 | |a 219 páginas | ||
| 583 | |c 20210304 |k Cristina Rojas | ||
| 650 | 0 | |a Antropología |9 233030 | |
| 650 | |a Etnología |9 258726 | ||
| 650 | 0 | |a Estudios culturales |9 389320 | |
| 700 | 1 | |a Álvarez, Rodrigo |e traductor |9 859823 | |
| 700 | 1 | |a Viveiros de Castro, Eduardo |4 autor |9 861613 | |
| 852 | |a BIBCUR | ||
| 942 | |2 ddc |c BK | ||
| 952 | |0 0 |1 0 |2 ddc |4 0 |6 301_010000000000000_DAN_2019 |7 0 |8 A |9 577613 |a FDOPOS |b BIBEDU |d 2021-03-04 |i 5620694 |l 4 |o 301.01 DAN 2019 |p 5620694 |r 2025-01-22 |s 2023-10-25 |t 1 |w 2021-03-04 |y BK |k MEL | ||